Personnel audit focused on disparity
Salvato in:
| Autore principale: | |
|---|---|
| Natura: | Capitolo di libro |
| Lingua: | inglese |
| Soggetti: | |
| Tags: |
Nessun Tag, puoi essere il primo ad aggiungerne!!
|
MARC
| LEADER | 00000naa$a2200000$$$4500 | ||
|---|---|---|---|
| 001 | 0191831 | ||
| 005 | 20240502073223.3 | ||
| 041 | 0 | |a eng | |
| 044 | |a SK | ||
| 245 | 1 | 0 | |a Personnel audit focused on disparity |c Martin Andrejčák |
| 610 | 2 | 0 | |a audit personálny |
| 610 | 2 | 0 | |a zamestnanci |
| 610 | 2 | 0 | |a disparita |
| 610 | 2 | 0 | |a vek |
| 610 | 2 | 0 | |a kultúra |
| 610 | 2 | 0 | |a nerovnosť rodová |
| 610 | 2 | 0 | |a riadenie ľudských zdrojov |
| 100 | 1 | |a Andrejčák, Martin | |